000 00561nam a2200181Ia 4500
005 20250508150918.0
008 008 250505s9999 xx 000 0 eng d
037 _aTextual
040 _aFEDL
_beng
_cFEDL
041 _aeng
_2eng
084 _a378.942, JEE
_qFEDL
100 _aJeffery George B
_9757936
245 0 _aUnity of knowledge: Some reflections on the Universities of Cambridge and London
260 _aCambridge
_bCambridge University Press
_c1950
300 _a71p
942 _cTEXL
_h378.942, JEE
999 _c1326425
_d1326425